| 000 | 00436pam a2200181a 44500 | ||
|---|---|---|---|
| 008 | 230405s2007 xxu||||| |||| 00| 0 eng d | ||
| 020 |
_a8123914164 _cRs.150 |
||
| 082 |
_a610.73 _bAGA |
||
| 100 | _aAgarwal, K.N. | ||
| 245 | _aGrowth Infancy to Adolescence | ||
| 250 | _a2nd Ed. | ||
| 260 |
_aNew Delhi _bCBS Pub. _c2007 |
||
| 300 | _a146 p | ||
| 502 | _atext | ||
| 700 | _aSeth, A | ||
| 700 | _aAgarwal, D.K. | ||
| 906 | _a000509 | ||
| 999 |
_c249257 _d249257 |
||